00850cam a2200277Ii 450000100060000000300080000600500170001400800410003103500230007203500190009503500170011404000270013104100080015808200180016609800080018410000460019224500580023826000320029630000210032850400200034965000200036983000190038994200120040899900170042095201350043732047BD-RjUL20211209051801.0140423s1950 enk 001 0 eng d a(OCoLC)ocm03411326 a(BD-RjUL)32136 a(NNC)4614249 aPKTcPKTbengdBD-RjUL aeng04bWIS 1950a262 aQZ51 aRoss Williamson, Hugh,d1901-1978.99754014aThe seven Christian virtues /c Hugh Ross Williamson aLondon :bSCM Press,c1950. a120 p. ;c19 cm. aIncludes index. 0aVirtues.960392 0vno. 71.997555 2ddccBK c32047d32047 00102ddc40718NFICaRUCLbRUCLcReadingd1974-04-01eB. N. C. C Giftl0o261 WIS 1950r2014-04-23 00:00:00tC-1w2021-12-09yBK